00983nmc a2200241 a 4500003000900000005001700009008004100026040001300067245006600080260003400146300001900180490002200199500008600221500022300307650002300530650002700553650001800580650002900598650003000627650001900657650002900676700003600705AR-BaBNM20251128204322.0267019s1981 ||||||||||||||000 | spa|| cAR-BaBNM10aMetodología del servicio socialbdocumento de Teresópolis aBuenos AiresbHumanitasc19810 a231 p.bdiagr. 0aDesarrollo social0 aC.B.C.I.S.S.: CENTRO BRASILENO DE COOPERACION E INTERCAMBIO DE SERVICIOS SOCIALES1 aEste documento contiene conclusiones, exposiciones e informes de las mesas de trabajo del Seminario Internacional sobre Metodología del Servicio Social realizado en Teresópolis, Brasil del 10 al 17 de enero de 1970 4aSERVICIOS SOCIALES 4aSERVICIOS COMUNITARIOS 4aACCION SOCIAL 4aINVESTIGACION CIENTIFICA 4aPOLITICA DE INVESTIGACION 4aTRABAJO SOCIAL 4aMETODOS DE INVESTIGACION1 aKisnerman, Natalioeprologuista